| 000 -LEADER |
| fixed length control field |
00603nam a2200217Ia 4500 |
| 001 - CONTROL NUMBER |
| control field |
2352 |
| 003 - CONTROL NUMBER IDENTIFIER |
| control field |
GE_BSU |
| 005 - DATE AND TIME OF LATEST TRANSACTION |
| control field |
20221027120437.0 |
| 008 - FIXED-LENGTH DATA ELEMENTS--GENERAL INFORMATION |
| fixed length control field |
181216s2007bu xx |||||||||||||| ||bul|| |
| 020 ## - INTERNATIONAL STANDARD BOOK NUMBER |
| International Standard Book Number |
9789546804952 |
| 040 ## - CATALOGING SOURCE |
| Transcribing agency |
GE_BSU |
| 041 ## - LANGUAGE CODE |
| Language code of text/sound track or separate title |
bul |
| 080 ## - UNIVERSAL DECIMAL CLASSIFICATION NUMBER |
| Universal Decimal Classification number |
37.01(479.2)+271.22 M-65 |
| 100 ## - MAIN ENTRY--PERSONAL NAME |
| Personal name |
Mihaylov, Krum. |
| 9 (RLIN) |
15575 |
| 245 ## - TITLE STATEMENT |
| Title |
Neophyte Rilsky His Personality and Epoque / |
| Statement of responsibility, etc. |
Krum Mihaylov. |
| 264 ## - PRODUCTION, PUBLICATION, DISTRIBUTION, MANUFACTURE, AND COPYRIGHT NOTICE |
| Place of production, publication, distribution, manufacture |
Blagoevgrad, |
| Date of production, publication, distribution, manufacture, or copyright notice |
2007. |
| 300 ## - PHYSICAL DESCRIPTION |
| Extent |
175 c.: |
| Other physical details |
илл. |
| 653 ## - INDEX TERM--UNCONTROLLED |
| keyword |
Neophyte Rilsky His Personality and Epoque |
| 653 ## - INDEX TERM--UNCONTROLLED |
| keyword |
პედაგოგიკა |
| 942 ## - ADDED ENTRY ELEMENTS (KOHA) |
| Koha item type |
წიგნი |
| Source of classification or shelving scheme |
|